Memoria di Milano (Record n. 99659)

Dettagli MARC
000 -LEADER
fixed length control field 02226njm a2200397Ia 4500
001 - CONTROL NUMBER
control field 24664
003 - CONTROL NUMBER IDENTIFIER
control field IT-RoPAU
005 - DATE AND TIME OF LATEST TRANSACTION
control field 20220918181119.0
008 - FIXED-LENGTH DATA ELEMENTS--GENERAL INFORMATION
fixed length control field 131025s9999 xx 000 0 und d
040 ## - CATALOGING SOURCE
Original cataloging agency IT-RoPAU
040 ## - CATALOGING SOURCE
Transcribing agency IT-RoPAU
041 ## - LANGUAGE CODE
Language code of text/sound track or separate title ITALIANO
999 ## - SYSTEM CONTROL NUMBERS (KOHA)
Koha Dewey Subclass [OBSOLETE] n.d.
100 ## - MAIN ENTRY--PERSONAL NAME
Personal name AA.VV.
9 (RLIN) 794
100 ## - MAIN ENTRY--PERSONAL NAME
Relator term Autore musica
9 (RLIN) 11486
100 ## - MAIN ENTRY--PERSONAL NAME
Miscellaneous information Codice autore musica SPICS: 12000
9 (RLIN) 796
245 ## - TITLE STATEMENT
Title Memoria di Milano
250 ## - EDITION STATEMENT
Edition statement 1a ed.
260 ## - PUBLICATION, DISTRIBUTION, ETC. (IMPRINT)
Place of publication, distribution, etc. TORINO
260 ## - PUBLICATION, DISTRIBUTION, ETC. (IMPRINT)
Name of publisher, distributor, etc. FONIT CETRA
Date of publication, distribution, etc. 1972 [1a Ed.:1972]
300 ## - PHYSICAL DESCRIPTION
Extent DISCO
300 ## - PHYSICAL DESCRIPTION
Dimensions 62 minuti (Testo: pag.)
500 ## - GENERAL NOTE
General note Musica poplare, folk. Canzoni popolari
505 ## - FORMATTED CONTENTS NOTE
Formatted contents note El portafoeuj - Se otto ore - Porta Romana - Pin pin cavallin auliulè - Serafin aveva un zifolo - Santa Caterina - El pover Luisin - Teresina ven debass - La Balilla - Spazzacamino - Donne, donne - Bell'uselin del bosch - Stamattina mi sono alzata - Donna lombarda - Crappapelada - La vilotta - Mamma mia mi sont stuffa - Ragazzine vi prego ascoltare - La roeuda gira (2:00) - Vetrine (2:00) - La nebbia (2:00) - Faceva il palo [(Il palo dell'Ortica) (3:00)] - El me ligera (4:00)
650 ## - SUBJECT ADDED ENTRY--TOPICAL TERM
Topical term or geographic name as entry element FOLK POPOLARE [DISCHI]
Relator term Codice MATERIA SPICS: 9950
9 (RLIN) 11487
700 ## - ADDED ENTRY--PERSONAL NAME
Personal name Monti Maria
Miscellaneous information Codice interprete SPICS: 13641
Relator term Interprete
9 (RLIN) 11488
700 ## - ADDED ENTRY--PERSONAL NAME
Personal name Antonacci
Miscellaneous information Codice autore musica SPICS: 27524
Relator term Autore musica
Name of part/section of a work La roeuda gira
9 (RLIN) 11489
700 ## - ADDED ENTRY--PERSONAL NAME
Personal name Sigismondi Carlo
Miscellaneous information Codice autore testo/musica SPICS: 8799
Relator term Autore testo/musica
Name of part/section of a work La roeuda gira
9 (RLIN) 11490
700 ## - ADDED ENTRY--PERSONAL NAME
Personal name Monti Maria
Miscellaneous information Codice autore musica SPICS: 13641
Relator term Autore musica
Name of part/section of a work Vetrine - La nebbia
9 (RLIN) 11491
700 ## - ADDED ENTRY--PERSONAL NAME
Personal name Gaber Giorgio
Miscellaneous information Codice autore testo/musica SPICS: 10906
Relator term Autore testo/musica
Name of part/section of a work Vetrine - La nebbia
9 (RLIN) 11492
700 ## - ADDED ENTRY--PERSONAL NAME
Personal name Valdi Walter
Miscellaneous information Codice autore musica SPICS: 13642
Relator term Autore musica
Name of part/section of a work Faceva il palo (Il palo dell'Ortica)
9 (RLIN) 11493
700 ## - ADDED ENTRY--PERSONAL NAME
Personal name Jannacci Enzo
Miscellaneous information Codice autore testo/musica SPICS: 10956
Relator term Autore testo/musica
Name of part/section of a work Faceva il palo (Il palo dell'Ortica)
9 (RLIN) 11494
700 ## - ADDED ENTRY--PERSONAL NAME
Personal name Carpi Fiorenzo
Miscellaneous information Codice autore musica SPICS: 13640
Relator term Autore musica
Name of part/section of a work El me ligera
9 (RLIN) 11495
700 ## - ADDED ENTRY--PERSONAL NAME
Personal name Fo Dario
Miscellaneous information Codice autore testo/musica SPICS: 6571
Relator term Autore testo/musica
Name of part/section of a work El me ligera
9 (RLIN) 11496
942 ## - ADDED ENTRY ELEMENTS (KOHA)
Koha item type DISCHI
Source of classification or shelving scheme Dewey Decimal Classification
Dati di copia
Withdrawn status Lost status Damaged status Not for loan Home library Current library Date acquired Total Checkouts Full call number Date last seen Price effective from Koha item type Public note
    Buone Condizioni Not For Loan SPICS-MEDIATECA SPICS-MEDIATECA 25/10/2013   24664 25/10/2013 25/10/2013 DISCHI Progr. Ins.: 5359 / N.Vol.: 2 / Copie: 1 - Copia rara: n.d. / date import: 01.01.2014 - By Epidotti, Trombetti, Vaglietti
CREDITS: SOCIETA' SAN PAOLO Via A.Severo, 58 - ROMA (RM) & PERIODICI SAN PAOLO SRL Via Giotto, 36 MILANO & CISF Via Giotto, 36 MILANO & EDIZIONI SAN PAOLO SRL,  Piazza Soncino, 5 CINISELLO BALSAMO (MI) -- ITALY